Modern systems analysis and design / (Record no. 20376)
[ view plain ]
| 000 -LEADER | |
|---|---|
| fixed length control field | 01072cam a22003135a 4500 |
| 001 - CONTROL NUMBER | |
| control field | 016333287 |
| 003 - CONTROL NUMBER IDENTIFIER | |
| control field | OSt |
| 005 - DATE AND TIME OF LATEST TRANSACTION | |
| control field | 20201128021440.0 |
| 008 - FIXED-LENGTH DATA ELEMENTS--GENERAL INFORMATION | |
| fixed length control field | 130404t2014 enka frbd 001 0 eng d |
| 020 ## - INTERNATIONAL STANDARD BOOK NUMBER | |
| International Standard Book Number | 9780273787099 (pbk.) |
| 020 ## - INTERNATIONAL STANDARD BOOK NUMBER | |
| International Standard Book Number | 0273787098 (pbk.) |
| 040 ## - CATALOGING SOURCE | |
| Original cataloging agency | UkOxU |
| Language of cataloging | eng |
| Transcribing agency | UkOxU |
| Modifying agency | UkOxU |
| -- | Uk |
| -- | EG-ScBUE |
| 082 04 - DEWEY DECIMAL CLASSIFICATION NUMBER | |
| Classification number | 005.12 |
| Edition number | 22 |
| Item number | HOF |
| 100 1# - MAIN ENTRY--PERSONAL NAME | |
| Personal name | Hoffer, Jeffrey A. |
| 9 (RLIN) | 3865 |
| 245 10 - TITLE STATEMENT | |
| Title | Modern systems analysis and design / |
| Statement of responsibility, etc | Jeffrey A. Hoffer, Joey F. George, Joseph S. Valacich. |
| 250 ## - EDITION STATEMENT | |
| Edition statement | 7th ed., International ed. |
| 260 ## - PUBLICATION, DISTRIBUTION, ETC. (IMPRINT) | |
| Place of publication, distribution, etc | Harlow : |
| Name of publisher, distributor, etc | Pearson Education Limited, |
| Date of publication, distribution, etc | c.2014. |
| 300 ## - PHYSICAL DESCRIPTION | |
| Extent | 552 p. : |
| Other physical details | ill. (col.) ; |
| Dimensions | 28 cm. |
| 500 ## - GENERAL NOTE | |
| General note | Previous edition: 2011. |
| 500 ## - GENERAL NOTE | |
| General note | Index : p. 546-552. |
| 500 ## - GENERAL NOTE | |
| General note | Includes glossaries. |
| 504 ## - BIBLIOGRAPHY, ETC. NOTE | |
| Bibliography, etc | Includes bibliographical references. |
| 650 #7 - SUBJECT ADDED ENTRY--TOPICAL TERM | |
| Topical term or geographic name as entry element | System design. |
| Source of heading or term | BUEsh |
| 9 (RLIN) | 733 |
| 650 #7 - SUBJECT ADDED ENTRY--TOPICAL TERM | |
| Topical term or geographic name as entry element | System analysis. |
| Source of heading or term | BUEsh |
| 9 (RLIN) | 734 |
| 653 ## - INDEX TERM--UNCONTROLLED | |
| Resource For college | Informatics and Computer Science |
| -- | BAEPS, Business Administration |
| Arrived date list | July2015 |
| -- | September2015 |
| -- | January2016 |
| 655 ## - INDEX TERM--GENRE/FORM | |
| Form subdivision | Text book |
| -- | 33728 |
| 700 1# - ADDED ENTRY--PERSONAL NAME | |
| Personal name | George, Joey F. |
| 700 1# - ADDED ENTRY--PERSONAL NAME | |
| Personal name | Valacich, Joseph S., |
| Dates associated with a name | 1959- |
| Withdrawn status | Lost status | Source of classification or shelving scheme | Damaged status | Not for loan | Koha collection | Home library | Current library | Shelving location | Date acquired | Source of acquisition | Cost, normal purchase price | Serial Enumeration / chronology | Total Checkouts | Total Renewals | Full call number | Barcode | Date last seen | Date last borrowed | Cost, replacement price | Koha item type |
|---|---|---|---|---|---|---|---|---|---|---|---|---|---|---|---|---|---|---|---|---|
| Dewey Decimal Classification | Baccah | Central Library | Central Library | Lower Floor | 28/07/2015 | Purchase | 394.00 | 21759 | 2 | 6 | 005.12 HOF | 000030665 | 15/07/2025 | 02/01/2017 | 493.00 | Book - Borrowing | ||||
| Dewey Decimal Classification | Baccah | Central Library | Central Library | Lower Floor | 28/09/2015 | Purchase | 4 | 4 | 005.12 HOF | 000030950 | 15/07/2025 | 08/10/2015 | NB - Book (Non borrowing) | |||||||
| Dewey Decimal Classification | Baccah | Central Library | Central Library | Lower Floor | 28/09/2015 | Purchase | 6 | 6 | 005.12 HOF | 000030951 | 15/07/2025 | 20/12/2015 | Book - Borrowing | |||||||
| Dewey Decimal Classification | Baccah | Central Library | Central Library | Lower Floor | 28/09/2015 | Purchase | 6 | 8 | 005.12 HOF | 000030952 | 15/07/2025 | 23/11/2015 | Book - Borrowing | |||||||
| Dewey Decimal Classification | Baccah | Central Library | Central Library | Lower Floor | 28/09/2015 | Purchase | 8 | 8 | 005.12 HOF | 000030953 | 15/07/2025 | 06/12/2015 | Book - Borrowing |